Little pig, big trouble. (Record no. 111481)
[ view plain ]
| 000 -LEADER | |
|---|---|
| fixed length control field | 00323nam a2200121 a 4500 |
| 005 - DATE AND TIME OF LATEST TRANSACTION | |
| control field | 20140414131916.0 |
| 008 - FIXED-LENGTH DATA ELEMENTS--GENERAL INFORMATION | |
| fixed length control field | 101019s19uu xx 00 eng d |
| 050 ## - LIBRARY OF CONGRESS CALL NUMBER | |
| Classification number | ER |
| Item number | L72 1992 |
| 100 ## - MAIN ENTRY--PERSONAL NAME | |
| Personal name | Tharlet, Eve |
| 245 ## - TITLE STATEMENT | |
| Title | Little pig, big trouble. |
| 260 ## - PUBLICATION, DISTRIBUTION, ETC. (IMPRINT) | |
| Place of publication, distribution, etc | Saxonville, Ma. : |
| Name of publisher, distributor, etc | Picture Book Studio, |
| Date of publication, distribution, etc | 1989. |
| Withdrawn status | Lost status | Damaged status | Home library | Current library | Shelving location | Date acquired | Total Checkouts | Full call number | Barcode | Date last seen | Price effective from | Koha item type |
|---|---|---|---|---|---|---|---|---|---|---|---|---|
| Munich Library | Munich Library | Easy Reading Section | 10/19/2010 | ER L72 1992 | M2219 | 04/14/2014 | 04/14/2014 | Books |